Dlhová kríza v eurozóne bakalárska práca

Gespeichert in:
Bibliographische Detailangaben
1. Verfasser: Čičmancová, Lucia
Körperschaft: Národohospodárska fakulta EU. Katedra ekonómie
Weitere Verfasser: Trnovský, Karol, 1983-
Format: Buch
Sprache:Slowakisch
Veröffentlicht: Bratislava 2017
Tags: Tag hinzufügen
Keine Tags, Fügen Sie das erste Tag hinzu!

MARC

LEADER 00000nbm a2200000 4500
001 0233884
005 20171003132138.0
041 0 |a slo 
044 |a SK 
245 1 0 |a Dlhová kríza v eurozóne  |b bakalárska práca  |c Lucia Čičmancová ; školiteľ: Karol Trnovský 
264 1 |a Bratislava  |c 2017 
300 |a 43 s. 
100 1 |a Čičmancová, Lucia 
700 1 |a Trnovský, Karol, 1983- 
710 2 |a Národohospodárska fakulta EU. Katedra ekonómie